LEADER 01266nam a2200289 u 4500 001 000000076730 003 CaOOAMICUS 005 20070226123237.0 008 031217s2002 it u000 u ita u 020 $a8801023731 035 $a10979706 040 $aPUL$bita 100 1 $aPrete, Benedetto,$cO.P.$0(OLS)http://pul/name/23090 245 10$aNuovi studi sull'opera di Luca :$bcontenuti e prospettive /$cBenedetto Prete. 260 $aLeumann :$bElledici,$cc2002. 300 $a416 p. ;$c24 cm 490 1 $aPercorsi e traguardi biblici 504 $aBibliografia in nota. 630 04$aBiblia.$pN.T.$pLucas$xCritica e interpretazione.$0(OLS)http://pul/subject/37900 630 04$aBiblia.$pN.T.$pActus apostolorum.$xCritica e interpretazione.$0(OLS)http://pul/subject/1725 830 0$aPercorsi e traguardi biblici.$0(OLS)http://pul/title/100603 850 $aPUL 852 $aPUL$W1$xSL Religione 1$y3$m9 B 85$j98549$nBK-PRI$b $qStampati$B98549$CPULBib$Z2$F98549 $HPUL91013 $81 941 1 $a8 996 $6020$a8801023731$9(OLS)http://pul/number/100530 996 $6245$aNuovi studi sull'opera di Luca :$bcontenuti e prospettive$9(OLS)http://pul/title/100602 996 $6260$aLeumann :$bElledici$9(OLS)http://pul/publisher/74846 LEADER 01191nam a2200301 u 4500 001 000000023565 003 CaOOAMICUS 005 20070226111243.0 008 950607s1973 it u000 u ita u 035 $a10593121 040 $aPUL$bita 041 1 $aita$hger 130 0 $aBiblia.$pN.T.$pApocalypsis$lItaliano.$0(OLS)http://pul/title/31680 245 12$aL'Apocalisse /$cEduard Schick. 260 $aRoma :$bCittà Nuova,$c1973. 300 $a262 [2] p. ;$c21 cm 490 1 $aCommenti spirituali del Nuovo Testamento 500 $aTraduzione di Guglielmo Corti. 630 04$aBiblia.$pN.T.$pApocalypsis$xCommenti.$0(OLS)http://pul/subject/1119 700 1 $aSchick, Eduard.$0(OLS)http://pul/name/19836 700 1 $aCorti, Guglielmo.$0(OLS)http://pul/name/7380 830 0$aCommenti spirituali del Nuovo Testamento.$0(OLS)http://pul/title/32721 850 $aPUL 852 $aPUL$W1$xSL Religione 1$y3$m1(7) L 28$j33056$nBK-PRI$b $qStampati$B33056$CPULBib$Z2$F33056 $H $81 941 1 $a8 961 $aINV: 42330 996 $6245$aL'Apocalisse$9(OLS)http://pul/title/32726 996 $6260$aRoma :$bCittà Nuova$9(OLS)http://pul/publisher/47927